000 01270nmm a2200397 a 4500
003 AR-BaBNM
005 20251128204257.0
008 011101s1967 ||||||||||||||000 | spa||
040 _cAR-BaBNM
245 1 0 _aLa psicología en la educación contemporánea
260 _aBuenos Aires
_bTroquel
_c1967
300 0 _a333 p.
500 0 _aEl libro contiene una selección de temas desarrollados por pedagogos y psicológos en relación a la psicología de la educación y la pedagogía
500 0 _aContiene reseña bibliográfica sobre los autores de los textos
600 1 4 _aPiaget, Jean
600 1 4 _aDewey, John
600 1 4 _aBinet, Alfred
600 1 4 _aBouchet, Henri
600 1 4 _aFreud, Sigmund
650 4 _aPSICOLOGIA DE LA EDUCACION
650 4 _aPEDAGOGIA
650 4 _aSOCIALIZACION
650 4 _aPSICOLOGIA DEL NINO
650 4 _aORIENTACION PEDAGOGICA
650 4 _aPSICOLOGIA DEL DESARROLLO
650 4 _aPSICOLOGIA EVOLUTIVA
650 4 _aPSICOLOGIA DEL ADOLESCENTE
650 4 _aACTIVIDAD LUDICA
650 4 _aEDUCACION RELIGIOSA
653 0 _aPEDAGOGOS
700 1 _aMarzi, Alberto
_ecompilador
700 1 _aValeri, Mario
_ecompilador
700 1 _aAguirre, Raúl Gustavo
_etraductor
942 _cBK
998 _csilvi
999 _c6829
_d6829